BIBLIOTECA PODER JUDICIAL
Portal Judicial TDF

Las personas privadas de la libertad y el derecho de agremiación / (Registro nro. 6086)

000 -LEADER
fixed length control field 01432nab a22002417a 4500
003 - CONTROL NUMBER IDENTIFIER
control field OSt
005 - DATE AND TIME OF LATEST TRANSACTION
control field 20260121193345.0
008 - FIXED-LENGTH DATA ELEMENTS--GENERAL INFORMATION
fixed length control field 190502c xxu||||| |||| 00| 0 spa d
040 ## - CATALOGING SOURCE
Transcribing agency PJ
100 ## - MAIN ENTRY--PERSONAL NAME
9 (RLIN) 4454
Personal name Porta, Elsa
245 13 - TITLE STATEMENT
Title Las personas privadas de la libertad y el derecho de agremiación /
Statement of responsibility, etc Elsa Porta.
260 ## - PUBLICATION, DISTRIBUTION, ETC. (IMPRINT)
Place of publication, distribution, etc Ciudad Autónoma de Buenos Aires :
Name of publisher, distributor, etc Thomson Reuters La Ley,
Date of publication, distribution, etc 2024.
300 ## - PHYSICAL DESCRIPTION
Extent p. 55-69
505 ## - FORMATTED CONTENTS NOTE
Formatted contents note Sumario: I. Antecedentes del caso.— II. Situación de procesados y condenados.— III. El derecho al trabajo de los sujetos privados de libertad.— IV. Legislación aplicable al trabajo en contexto de encierro.— V. Las personas privadas de la libertad que trabajan y los derechos emergentes de la libertad sindical.— VI. La resolución administrativa.— VII. La inscripción gremial solicitada.— VIII. Vulnerabilidad de las personas que trabajan en la prisión.— IX. Reinserción social de los condenados.<br/><br/>
505 ## - FORMATTED CONTENTS NOTE
Title ¿Te interesa el texto completo? Solicitalo al correo: koha@justierradelfuego.gov.ar
650 #0 - SUBJECT ADDED ENTRY--TOPICAL TERM
9 (RLIN) 343
Topical term or geographic name as entry element DERECHO PENAL
650 #0 - SUBJECT ADDED ENTRY--TOPICAL TERM
9 (RLIN) 4455
Topical term or geographic name as entry element PERSONAS PRIVADAS DE LA LIBERTAD
650 #0 - SUBJECT ADDED ENTRY--TOPICAL TERM
9 (RLIN) 4583
Topical term or geographic name as entry element DERECHOS SINDICALES
650 #0 - SUBJECT ADDED ENTRY--TOPICAL TERM
9 (RLIN) 1461
Topical term or geographic name as entry element LIBERTAD SINDICAL
650 #0 - SUBJECT ADDED ENTRY--TOPICAL TERM
9 (RLIN) 3020
Topical term or geographic name as entry element READAPTACIÓN DEL CONDENADO
773 0# - HOST ITEM ENTRY
Host Biblionumber 2729
Host Itemnumber 3180
Place, publisher, and date of publication Buenos Aires : LexisNexis, 2006-
Title Revista de derecho penal y procesal penal. Nº 7 - Julio 2024
International Standard Book Number 9875920622
942 ## - ADDED ENTRY ELEMENTS (KOHA)
Source of classification or shelving scheme
Koha item type Analítica Artículo de Revista

No hay ítems disponibles.

12 de Octubre 789 Ushuaia - Tel:  54(02901)441571
Horario de Atención: 8.00 a 17.00 hs. 
bibliotecaush@justierradelfuego.gov.ar
koha@justierradelfuego.gov.ar
Seguinos en nuestras redes @bibliojustdf 

Con tecnología Koha